Statistics for NBA 2K21 All-Time Teams

Click here to take the quiz!

General Stats

  • This quiz has been taken 117 times
  • The average score is 100 of 150

Answer Stats

TeamRatingPlayer% Correct
Bulls99Michael Jordan
100%
76ers94Julius Erving
100%
Heat89Shaquille O'Neal
100%
Magic93Shaquille O’Neal
100%
Cavaliers99LeBron James
100%
Cavaliers94Kyrie Irving
100%
Lakers98Shaquille O’Neal
100%
Nets97Julius Erving
100%
Heat99LeBron James
100%
Bulls96Scottie Pippen
99%
Thunder/Sonics97Kevin Durant
99%
Spurs98Tim Duncan
99%
Heat97Dwyane Wade
99%
Clippers96Kawhi Leonard
98%
Lakers97Jerry West
98%
Mavericks97Dirk Nowitzki
98%
Spurs94Kawhi Leonard
98%
Raptors97Kawhi Leonard
98%
Warriors96Stephen Curry
98%
Thunder/Sonics95Russell Westbrook
98%
Warriors98Wilt Chamberlain
96%
76ers93Wilt Chamberlain
96%
Nuggets95David Thompson
96%
Trail Blazers92Damian Lillard
95%
Warriors91Klay Thompson
95%
Lakers96Kareem Abdul-Jabbar
95%
Spurs94Tony Parker
95%
Bulls93Dennis Rodman
95%
Bucks99Kareem Abdul-Jabbar
95%
Bucks95Giannis Antetokounmpo
95%
Suns96Steve Nash
95%
Clippers92Chris Paul
94%
Rockets96James Harden
94%
Pelicans96Chris Paul
94%
Celtics98Larry Bird
93%
76ers97Allen Iverson
93%
Lakers99Magic Johnson
93%
Lakers98Kobe Bryant
91%
Jazz97Karl Malone
91%
Pacers93Paul George
91%
76ers97Moses Malone
91%
Timberwolves98Kevin Garnett
90%
Grizzlies93Marc Gasol
90%
Grizzlies93Pau Gasol
90%
Bulls95Derrick Rose
90%
Jazz97John Stockton
90%
Rockets98Hakeem Olajuwon
90%
Wizards90John Wall
90%
Nets96Jason Kidd
89%
Raptors90Chris Bosh
89%
Celtics98Bill Russell
88%
Pelicans94Anthony Davis
88%
Pelicans92Baron Davis
86%
Suns90Walter Davis
86%
Raptors95Vince Carter
85%
Pistons96Isiah Thomas
84%
Raptors89Kyle Lowry
84%
Knicks95Patrick Ewing
83%
Thunder/Sonics95Ray Allen
83%
Clippers90Blake Griffin
83%
Spurs96David Robinson
81%
Trail Blazers97Clyde Drexler
81%
Celtics94Paul Pierce
81%
Rockets93Clyde Drexler
81%
Grizzlies85Tony Allen
80%
Raptors89DeMar DeRozan
80%
Pacers90Jermaine O’Neal
80%
Timberwolves92Kevin Love
79%
Thunder/Sonics95Gary Payton
79%
Kings97Oscar Robertson
79%
Magic95Penny Hardaway
79%
Heat89Tim Hardaway
79%
Bucks92Marques Johnson
79%
Hornets88Larry Johnson
79%
Bucks96Oscar Robertson
79%
Nuggets94Carmelo Anthony
78%
Knicks91Carmelo Anthony
78%
Magic95Tracy McGrady
75%
Rockets91Tracy McGrady
75%
Hornets89Alonzo Mourning
75%
Heat94Alonzo Mourning
75%
Rockets92Yao Ming
73%
Hornets88Kemba Walker
73%
Magic93Dwight Howard
73%
Thunder/Sonics89Shawn Kemp
70%
Pistons89Ben Wallace
65%
Bulls93Artis Gilmore
65%
Celtics96Bob Cousy
64%
Spurs96George Gervin
64%
Grizzlies88Mike Conley
64%
Knicks95Walt Frazier
63%
Suns91Amar’e Stoudemire
63%
Trail Blazers95Bill Walton
62%
Hawks95Bob Pettit
62%
Cavaliers92Mark Price
62%
Nets87Brook Lopez
60%
Hawks94Dominique Wilkins
60%
Warriors95Rick Barry
60%
Celtics96John Havlicek
59%
Hawks92Dikembe Mutombo
59%
Pistons93Joe Dumars
59%
Kings93Chris Webber
58%
Nuggets93Alex English
58%
Clippers94Bob McAdoo
58%
Warriors94Chris Mullin
53%
Jazz95Pete Maravich
53%
Suns90Shawn Marion
51%
Cavaliers88Zydrunas Ilgauskas
51%
Wizards95Elvin Hayes
49%
Bucks93Sidney Moncrief
49%
Knicks94Willis Reed
47%
Kings88Peja Stojakovic
47%
Pistons93Grant Hill
46%
Magic86Grant Hill
46%
Trail Blazers89LaMarcus Aldridge
46%
Nets88Buck Williams
44%
Wizards93Gilbert Arenas
42%
Jazz89Mark Eaton
41%
Hornets89Glen Rice
37%
76ers86Maurice Cheeks
36%
Hornets89Eddie Jones
36%
Pistons93Bob Lanier
35%
Timberwolves88Sam Cassell
35%
Trail Blazers91Brandon Roy
35%
Jazz92Adrian Dantley
31%
Kings94Jerry Lucas
31%
Kings94Mitch Richmond
30%
Mavericks89Derek Harper
30%
Nets90Drazen Petrovic
28%
Nuggets91Fat Lever
26%
Cavaliers89Brad Daugherty
26%
Suns89Tom Chambers
26%
Pacers88Danny Granger
23%
Hawks91Lou Hudson
23%
Pacers87Rik Smits
23%
Nuggets92Dan Issel
21%
Mavericks88Mark Aguirre
19%
Pelicans86Jrue Holiday
17%
Timberwolves85Wally Szczerbiak
15%
Grizzlies86Shareef Abdur-Rahim
15%
Clippers90Elton Brand
15%
Mavericks88Rolando Blackman
15%
Knicks89Richie Guerin
12%
Wizards87Antawn Jamison
9%
Pelicans89Jamal Mashburn
6%
Hawks90Cliff Hagan
2%
Pacers89Freddie Lewis
1%
Wizards88Caron Butler
1%
Mavericks85Jame Donaldson
0%
Timberwolves87Tom Gugliotta
0%

Score Distribution

Percentile by Number Answered

Percent of People with Each Score

Your Score History

You have not taken this quiz